| 000 | 01000nam a2200277Ia 4500 | ||
|---|---|---|---|
| 003 | OSt | ||
| 005 | 20220923211528.0 | ||
| 006 | a|||||r|||| 00| 0 | ||
| 007 | ta | ||
| 008 | 220922b |||||||| |||| 00| 0 san d | ||
| 020 |
_a9789381484227 (pbk) _c295 |
||
| 024 | _a324,516 | ||
| 037 |
_b415, 13/03/2018, Eastern Book Linkers _cTextual |
||
| 040 |
_aARTS _cARTS _bsan |
||
| 041 |
_2san _asan |
||
| 082 | _aLB(L:44), 152Q7 | ||
| 100 |
_aअयोध्या प्रसाद, 'अचल', ले. _9160702 |
||
| 245 | 0 | _aअगदतन्त्र | |
| 246 | _aAgadatantra | ||
| 260 |
_aवाराणसी _b चौखम्बा सुरभारती प्रकाशन _c2017 |
||
| 300 |
_a227पृ0 _ccm. |
||
| 650 | _a औषधी | ||
| 650 | _aवेद-आयुर्वेद | ||
| 942 |
_hLB(L:44), 152Q7 _cTEXL _2CC |
||
| 999 |
_c300469 _d300469 |
||